| Поле | Название | Значение |
| |
Тип записи |
a |
| |
Библиографический уровень |
m |
| 001 |
Контрольный номер |
UONB/MAIN/fb0350fde8e54ba38a5fcbe3a7186c56 |
| 005 |
Дата корректировки |
20260423125037.9 |
| 010 |
Индекс ISBN |
__ |
| a |
ISBN |
978-5-392-45074-9 |
| 9 |
Тираж |
3000 экз. |
| 100 |
Данные общей обработки |
__ |
| a |
Данные общей обработки |
20260401d2026 uy0rusy0189 ca |
| 101 |
Язык документа |
0_ |
| a |
Язык текста |
rus |
| 102 |
Страна публикации |
__ |
| a |
Страна публикации |
RU |
| 105 |
Кодированные данные (монография) |
__ |
| a |
Кодированные данные (монография) |
a z 000yy |
| 200 |
Заглавие и сведения об ответственности |
1_ |
| a |
Заглавие |
Песнь о вещем Олеге |
| f |
Первые сведения об ответственности |
А. С. Пушкин |
| e |
Сведения, относящиеся к заглавию |
подробный иллюстрированный комментарий |
| g |
Последующие сведения об ответственности |
художник В. Васнецов |
| g |
Последующие сведения об ответственности |
текст комментариев, подбор иллюстраций Леонида Рожникова |
| g |
Последующие сведения об ответственности |
оформление Валерии Беляевой |
| 203 |
Вид содержания и тип средства |
__ |
| a |
Вид содержания |
Текст |
| b |
Характеристика содержания |
визуальный |
| c |
Тип средства |
непосредственный |
| 210 |
Выходные данные |
1_ |
| a |
Место издания |
Москва |
| c |
Издательство |
Проспект |
| d |
Дата издания |
2026 |
| 215 |
Физическое описание |
__ |
| a |
Объем |
12, [3] с. |
| c |
Иллюстрации/тип воспроизводства |
ил. |
| d |
Формат |
26 см |
| 225 |
Серия |
1_ |
| a |
Серия |
Книга в книге |
| 333 |
Примечание о целевом назначении |
__ |
| a |
Примечание о целевом назначении |
6+ |
| 606 |
Тематические рубрики |
0_ |
| a |
Основная рубрика |
Русская литература |
| z |
Хронологическая подрубрика |
19 в. |
| 606 |
Тематические рубрики |
0_ |
| a |
Основная рубрика |
Поэмы (х. л.) |
| 610 |
Ключевые слова |
0_ |
| a |
Ключевые слова |
русская литература 19 в.; поэмы русские |
| 686 |
Индексы других классификаций |
__ |
| 2 |
Код системы |
rubbk |
| a |
Классификационный индекс |
83.3(2=Рус)5-8 |
| 686 |
Индексы других классификаций |
__ |
| a |
Классификационный индекс |
84Р1-5 |
| 2 |
Код системы |
rubbk |
| 700 |
Автор |
_1 |
| a |
Фамилия |
Пушкин |
| b |
Имя (инициалы) |
А. С. |
| g |
Полное личное имя |
Александр Сергеевич |
| 702 |
Вторичная интеллектуальная ответственность |
_1 |
| a |
Фамилия |
Рожников |
| b |
Имя (инициалы) |
Л. |
| g |
Полное личное имя |
Леонид |
| 4 |
Код отношения |
210 |
| 702 |
Вторичная интеллектуальная ответственность |
_1 |
| a |
Фамилия |
Васнецов |
| b |
Имя (инициалы) |
В. |
| 4 |
Код отношения |
040 |
| 702 |
Вторичная интеллектуальная ответственность |
_1 |
| a |
Фамилия |
Беляева |
| b |
Имя (инициалы) |
В. |
| g |
Полное личное имя |
Валерия |
| 4 |
Код отношения |
570 |
| 801 |
Источник записи |
_0 |
| a |
Страна |
RU |
| b |
Организация |
Ульяновская ОНБ |
| c |
Дата составления |
20260401 |
| g |
Правила каталогизации |
RCR |
| 801 |
Источник записи |
_1 |
| a |
Страна |
RU |
| b |
Организация |
Ульяновская ОНБ |
| c |
Дата составления |
20260401 |
| g |
Правила каталогизации |
RCR |
| 900 |
Электронные ресурсы |
__ |
| a |
Имя электронного ресурса |
проспект20260044 |
| 901 |
Тип документа |
__ |
| t |
Тип документа |
m |
| 909 |
Создатель записи |
__ |
| a |
Создатель записи |
Егорова Э. А. |
| b |
Дата создания записи |
20260401 |
| 910 |
Корректоры записи |
__ |
| a |
Корректор записи |
Пряхина |
| b |
Дата внесения изменения в запись |
20260423 |